<?xml version="1.0" encoding="UTF-8"?>
<collection xmlns="http://www.loc.gov/MARC21/slim">
 <record>
  <leader>02766pmm a22002538a 4500</leader>
  <controlfield tag="001">00030261</controlfield>
  <controlfield tag="005">20171026081022.0</controlfield>
  <controlfield tag="008">130104sc200                  ||||||engsd</controlfield>
  <datafield tag="020" ind1="#" ind2="#">
   <subfield code="a">9780194529570</subfield>
  </datafield>
  <datafield tag="041" ind1="0" ind2="#">
   <subfield code="a">eng</subfield>
  </datafield>
  <datafield tag="082" ind1="1" ind2="4">
   <subfield code="a">428</subfield>
   <subfield code="b">T101F</subfield>
  </datafield>
  <datafield tag="100" ind1="1" ind2="#">
   <subfield code="a">Trew, Grant</subfield>
  </datafield>
  <datafield tag="245" ind1="1" ind2="0">
   <subfield code="h">nguồn liệu điện tử]</subfield>
   <subfield code="a">Tactics for TOEIC</subfield>
   <subfield code="b">Listening and reading test</subfield>
   <subfield code="c">Grant Trew</subfield>
  </datafield>
  <datafield tag="260" ind1="#" ind2="#">
   <subfield code="a">Oxford</subfield>
   <subfield code="b">Oxford University Press</subfield>
   <subfield code="c">c2007</subfield>
  </datafield>
  <datafield tag="300" ind1="#" ind2="#">
   <subfield code="a">4 CD</subfield>
   <subfield code="c">4 3/4 in.</subfield>
  </datafield>
  <datafield tag="653" ind1="#" ind2="#">
   <subfield code="a">Luyện nghe</subfield>
  </datafield>
  <datafield tag="653" ind1="#" ind2="#">
   <subfield code="a">Đọc hiểu</subfield>
  </datafield>
  <datafield tag="653" ind1="#" ind2="#">
   <subfield code="a">Đĩa CD</subfield>
  </datafield>
  <datafield tag="653" ind1="#" ind2="#">
   <subfield code="a">TOEIC</subfield>
  </datafield>
  <datafield tag="653" ind1="#" ind2="#">
   <subfield code="a">Tiếng Anh</subfield>
  </datafield>
  <datafield tag="852" ind1="#" ind2="#">
   <subfield code="j">DPT.0000286, DPT.0000287, DPT.0002103, DPT.0002109, DPT.0002098, DPT.0002099, DPT.0002100, DPT.0002101, DPT.0002102, DPT.0002104, DPT.0002105, DPT.0002108, DPT.0002110, DPT.0002111, DPT.0002112, DPT.0002113, DPT.0002114, DPT.0002115, DPT.0002116, DPT.0002117, DPT.0002118, DPT.0002119, DPT.0002120, DPT.0002121, DPT.0002122, DPT.0002123, DPT.0002124, DPT.0002125, DPT.0002126, DPT.0002127, DPT.0002128, DPT.0002129, DPT.0002130, DPT.0002131, DPT.0002132, DPT.0002133, DPT.0002134, DPT.0002135, DPT.0002136, DPT.0002137, DPT.0002138, DPT.0002139, DPT.0002140, DPT.0002141, DPT.0002142, DPT.0002143, DPT.0002144, DPT.0002145, DPT.0002146, DPT.0002147, DPT.0002148, DPT.0002149, DPT.0002150, DPT.0002151, DPT.0002152, DPT.0002153, DPT.0002154, DPT.0002155, DPT.0002156, DPT.0002157, DPT.0002158, DPT.0002159, DPT.0002160, DPT.0002161, DPT.0002162, DPT.0002163, DPT.0002164, DPT.0002165, DPT.0002166, DPT.0002167, DPT.0002168, DPT.0002169, DPT.0002170, DPT.0002171, DPT.0002172, DPT.0002173, DPT.0002174, DPT.0002175, DPT.0002176, DPT.0002177, DPT.0002178, DPT.0002179, DPT.0002180, DPT.0002181, DPT.0002182, DPT.0002183, DPT.0002184, DPT.0002185, DPT.0002186, DPT.0002187, DPT.0002188, DPT.0002189, DPT.0002190, DPT.0002191, DPT.0002192, DPT.0002193, DPT.0002194, DPT.0002195, DPT.0002196, DPT.0002197, DPT.0002198, DPT.0002199, DPT.0002200, DPT.0002201, DPT.0002202, DPT.0002203, DPT.0002204, DPT.0002205, DPT.0002206, DPT.0002207, DPT.0002208, DPT.0002209, DPT.0002210, DPT.0002211, DPT.0002212, DPT.0002213, DPT.0002214, DPT.0002215, DPT.0002216, DPT.0002217, DPT.0002218, DPT.0002219, DPT.0002220, DPT.0002221, DPT.0002222, DPT.0002223, DPT.0002224, DPT.0002225, DPT.0002226, DPT.0002227, DPT.0002228, DPT.0002229, DPT.0002230, DPT.0002231, DPT.0002232, DPT.0002233, DPT.0002234, DPT.0002235, DPT.0002236, DPT.0002237, DPT.0002238, DPT.0002239, DPT.0002240, DPT.0002241, DPT.0002242, DPT.0002243, DPT.0002244, DPT.0002245, DPT.0002246, DPT.0002247, DPT.0002248, DPT.0002249, DPT.0002250, DPT.0002251</subfield>
   <subfield code="b">Kho đa phương tiện</subfield>
  </datafield>
  <datafield tag="910" ind1=" " ind2=" ">
   <subfield code="d">04/01/2013</subfield>
  </datafield>
  <datafield tag="980" ind1="#" ind2="#">
   <subfield code="a">Trung tâm Học liệu Lê Vũ Hùng, Trường Đại học Đồng Tháp</subfield>
  </datafield>
 </record>
</collection>
